| 000 | 00496nam a2200145Ia 4500 | ||
|---|---|---|---|
| 008 | 211220s9999 xx 000 0 eng d | ||
| 041 | _aEnglish | ||
| 082 | _aRR.0307 | ||
| 100 |
_aRamachandran, H. _uBhoovigyan Vikas Foundation |
||
| 245 | 0 |
_aManagement of droughts in India : _bstrategies of people and state / _cH. Ramachandran |
|
| 260 |
_aNew Delhi : _bIndian Council oF Social Science Research, _c2013 |
||
| 300 | _a107p. | ||
| 536 | _aIndian Council of Social Science Research | ||
| 942 | _cRP | ||
| 999 |
_c27173 _d27173 |
||